000
00253nam a22000977a 4500
082
_a
621.381542 ROS'H
100
_a
ROSEBURY, FRED
_9
56777
245
_a
HANDBOOK OF ELECTRON TUBE ABD VACUME TECHNIQUES
260
_a
USA
_b
ADDISON WESLEY
_c
1965
942
_c
BK
999
_c
567126
_d
567126